Welcome to WEB OPAC of MRSPTU Central Library

Optics and atomic Physics (Record no. 219)

MARC details
000 -LEADER
fixed length control field 00350nam a2200145Ia 4500
008 - FIXED-LENGTH DATA ELEMENTS--GENERAL INFORMATION
fixed length control field 230711s9999||||xx |||||||||||||| ||und||
041 ## - LANGUAGE CODE
Language code of text/sound track or separate title ENG
082 ## - DEWEY DECIMAL CLASSIFICATION NUMBER
Classification number 530
Item number KH-O
100 ## - MAIN ENTRY--PERSONAL NAME
Personal name Khandelwal ,D.P
245 #0 - TITLE STATEMENT
Title Optics and atomic Physics
250 ## - EDITION STATEMENT
Edition statement 1st . Ed.
260 ## - PUBLICATION, DISTRIBUTION, ETC.
Date of publication, distribution, etc. 1989
Place of publication, distribution, etc. Bombay
Name of publisher, distributor, etc. Himalaya Publishing House
650 ## - SUBJECT ADDED ENTRY--TOPICAL TERM
Topical term or geographic name entry element Physics
942 ## - ADDED ENTRY ELEMENTS (KOHA)
Koha item type Book
Holdings
Withdrawn status Lost status Damaged status Not for loan Collection Home library Current library Date acquired Total checkouts Full call number Barcode Date last seen Price effective from Koha item type
          MRSPTU Central Library MRSPTU Central Library     530 KH-O 1311 08/17/2023 08/17/2023 Book
          MRSPTU Central Library MRSPTU Central Library     530 KH-O 1312 08/17/2023 08/17/2023 Book
          MRSPTU Central Library MRSPTU Central Library     530 KH-O 8436 08/17/2023 08/17/2023 Book
          MRSPTU Central Library MRSPTU Central Library     530 KH-O 8437 08/17/2023 08/17/2023 Book
          MRSPTU Central Library MRSPTU Central Library     530 KH-O 8438 08/17/2023 08/17/2023 Book
          MRSPTU Central Library MRSPTU Central Library     530 KH-O 8439 08/17/2023 08/17/2023 Book
          MRSPTU Central Library MRSPTU Central Library     530 KH-O 8440 08/17/2023 08/17/2023 Book
          MRSPTU Central Library MRSPTU Central Library     530 KH-O 8441 08/17/2023 08/17/2023 Book
          MRSPTU Central Library MRSPTU Central Library     530 KH-O 8442 08/17/2023 08/17/2023 Book
          MRSPTU Central Library MRSPTU Central Library     530 KH-O 8443 08/17/2023 08/17/2023 Book
          MRSPTU Central Library MRSPTU Central Library     530 KH-O PBB1311 08/17/2023 08/17/2023 Book
          MRSPTU Central Library MRSPTU Central Library     530 KH-O PBB1312 08/17/2023 08/17/2023 Book

Website Designed and Developed by MRSPTU Central Library Team

E-mail Id: librarian@mrsptu.ac.in